Historia de la educación en la argentina 3 : escuela, democracia y orden, 1916-1943 /

Guardado en:
Autor Principal: Puiggrós, Adriana
Otros Autores: Carli, Sandra, Ziperovich, Rosa W. de, Rodríguez, Lidia M., Gagliano, Rafael
Formato: Libro
Publicado: Buenos Aires : Galerna
Materias:
Etiquetas: Agregar Etiqueta
Sin Etiquetas, Sea el primero en etiquetar este registro!
LEADER 01463nam a22002655a 4500
001 CEM.cems011835
005 20070629161351.0
008 130507b######################000#0#####d
003 CEMS
020 |a 9505562938 
082 0 4 |a 370.982 
100 1 |a Puiggrós, Adriana 
245 1 0 |a Historia de la educación en la argentina 3 :  |b escuela, democracia y orden, 1916-1943 /  |c Dirección de Adriana Puiggrós 
260 |a Buenos Aires :  |b Galerna 
300 |a 343 p. 
505 0 |a La educación argentina desde la reforma Saavedra-Lamas hasta el fin de la década infame / Adriana Puggrós -- El campo de la niñez. Entre el discurso de la minoridad y el discurso de la Educación Nueva / Sandra Carli -- Memoria de una educadora: experiencias alternativas en la provincia de Santa Fe durante los últimos años de la década del 10, la del 20 y primeros años de 1930 / Rosa W. de Ziperovich -- La educación de adultos y la construcción de la especificidad / Lidia M. Rodríguez -- Aportes para la construcción de una historia crítica de la adolescencia en la Argentina / Rafael Gagliano 
653 |a Educación 
653 |a Historia de la educación argentina 
653 |a Educación argentina-historia 
653 |a Educación de adultos-argentina 
700 1 |a Carli, Sandra 
700 1 |a Ziperovich, Rosa W. de 
700 1 |a Rodríguez, Lidia M. 
700 1 |a Gagliano, Rafael 
859 |a CEMS  |b BIB. CEMS - 11 de abril  |h 370.982  |i P964-1  |p 22740.05  |t Ej.1  |v 3  |3 3